[Event "Challenge"]
[Site "http://www.queenalice.com/game.php?id=953860"]
[Date "2011.6.25"]
[Round "-"]
[White "jeffersonpacaembu"]
[Black "Kapoueee"]
[Result "0-1"]
[WhiteElo "1403"]
[BlackElo "1426"]

1. e4 e5 2. Qh5 Nf6 3. Qxe5+ Be7 4. d3 Nc6 5. Qc3 Bb4 6. Bg5 Bxc3+ 7. bxc3 O-O
8. h4 Re8 9. d4 d5 10. e5 Qd7 11. Bb5 Qf5 12. Kf1 Qxc2 13. Na3 Qb2 0-1

[Event "jamais 203"]
[Site "http://www.queenalice.com/game.php?id=955036"]
[Date "2011.6.29"]
[Round "-"]
[White "Tchecmaurice"]
[Black "Kapoueee"]
[Result "1-0"]
[WhiteElo "2025"]
[BlackElo "1426"]

1. d4 g6 2. c4 Bg7 3. e4 Nc6 4. Nf3 e5 5. Be3 Nf6 6. Nc3 d6 7. h3 exd4 8. Nxd4
Nxd4 9. Bxd4 O-O 10. Bd3 c5 11. Be3 b6 12. O-O Bb7 13. Qd2 Qe7 14. Rfe1 Nxe4 15.
Nxe4 Bxe4 16. Bg5 Qd7 17. Bxe4 Rab8 18. Bd5 b5 19. Qf4 bxc4 20. Be7 Bd4 21. Bxf8
Rxf8 22. Re2 c3 23. bxc3 Bxc3 24. Rc1 Qb5 25. Re7 Be5 26. Bxf7+ Kh8 27. Qh6 Rd8
28. Bxg6 Kg8 29. Qxh7+ 1-0

[Event "Challenge"]
[Site "http://www.queenalice.com/game.php?id=957019"]
[Date "2011.7.5"]
[Round "-"]
[White "Kapoueee"]
[Black "AlekinePb"]
[Result "0-1"]
[WhiteElo "1451"]
[BlackElo "1628"]

1. Nf3 f5 2. g3 Nf6 3. Bg2 g6 4. d4 d6 5. d5 e5 6. dxe6 d5 7. Nd4 c5 8. Nb3 Bxe6
9. Be3 Nc6 10. Bxc5 Be7 11. c3 O-O 12. a4 b6 13. Ba3 Re8 14. Nc1 Rc8 15. b3 Bxa3
16. Rxa3 d4 17. c4 Nb4 18. Nd3 Nxd3+ 19. exd3 Bxc4+ 20. Kf1 Bd5 21. Nd2 Bxg2+
22. Kxg2 Qd6 23. Ra1 Qd5+ 24. Nf3 Rc3 25. Rb1 g5 26. Rf1 g4 27. Kg1 gxf3 28. b4
f4 29. Re1 fxg3 30. hxg3 Qh5 31. Rxe8+ Nxe8 32. Qe1 Kf7 33. Qe4 Nf6 34. Qb7+ Kg6
35. Qxa7 Qh3 0-1

[Event "Let's play !"]
[Site "http://www.queenalice.com/game.php?id=958405"]
[Date "2011.7.8"]
[Round "-"]
[White "Kapoueee"]
[Black "Tchecmaurice"]
[Result "0-1"]
[WhiteElo "1426"]
[BlackElo "2027"]

1. g3 e5 2. Nf3 e4 3. Nd4 c5 4. Nf5 d5 5. d4 Bxf5 6. dxc5 Bxc5 7. e3 Nf6 8. Bb5+
Nc6 9. a3 O-O 10. b4 Bb6 11. O-O Qd6 12. c4 Bg4 13. Qb3 Qe6 14. Nc3 Bf3 15. Qd1
Bxd1 16. Rxd1 Qh3 17. cxd5 Ng4 18. Bf1 Qxh2# 0-1

[Event "Vas-y Francky"]
[Site "http://www.queenalice.com/game.php?id=960486"]
[Date "2011.7.15"]
[Round "-"]
[White "Kapoueee"]
[Black "Tchecmaurice"]
[Result "0-1"]
[WhiteElo "1451"]
[BlackElo "2029"]

1. Nf3 b6 2. g3 Bb7 3. Bg2 d6 4. c4 Nd7 5. d4 Ngf6 6. b3 e5 7. d5 Be7 8. Nc3 O-O
9. Qc2 c6 10. Ne4 cxd5 11. Nxf6+ Nxf6 12. h4 dxc4 13. bxc4 Rc8 14. Bg5 e4 15.
Nd4 d5 16. O-O Rxc4 17. Qd2 Ng4 18. f3 Bxg5 19. hxg5 e3 20. Qd3 Ne5 21. Qxe3 Re8
22. f4 Nc6 23. Qd3 Nxd4 24. e3 Nc2 25. Kf2 Nxa1 26. Rh1 Rc2+ 27. Kf3 d4+ 28. Kg4
Qd7+ 29. Kh4 Rxg2 30. g4 Qxg4# 0-1

[Event "Réfléchis bordel"]
[Site "http://www.queenalice.com/game.php?id=966000"]
[Date "2011.7.28"]
[Round "-"]
[White "Tchecmaurice"]
[Black "Kapoueee"]
[Result "1-0"]
[WhiteElo "2031"]
[BlackElo "1438"]

1. e4 Nc6 2. f4 e5 3. Nf3 exf4 4. Bc4 Qe7 5. Nc3 Nf6 6. d3 b6 7. Bxf4 d6 8. O-O
Ne5 9. Nd5 Nxd5 10. Bxd5 Rb8 11. d4 Nxf3+ 12. Qxf3 g6 13. e5 Bg7 14. exd6 cxd6
15. Rae1 Be6 16. Bc6+ Kf8 17. d5 Bd4+ 18. Kh1 g5 19. Bg3 g4 20. Qe4 Bf6 21. dxe6
fxe6 22. Bxd6 Qxd6 23. Rxf6+ 1-0

[Event "Caca prout lol"]
[Site "http://www.queenalice.com/game.php?id=968447"]
[Date "2011.8.3"]
[Round "-"]
[White "Kapoueee"]
[Black "Tchecmaurice"]
[Result "0-1"]
[WhiteElo "1438"]
[BlackElo "2033"]

1. e4 c5 2. Nf3 Nc6 3. d4 cxd4 4. Nxd4 g6 5. Nxc6 dxc6 6. Bd3 Bg7 7. c4 Nf6 8.
Nc3 O-O 9. Be3 Ng4 10. Bf4 Be6 11. b3 Qb6 12. Qd2 Bxc3 13. Qxc3 Qxf2+ 14. Kd1
Qxf4 15. g3 Qf3+ 16. Kd2 Rfd8 17. Raf1 Qe3+ 18. Kc2 Rxd3 19. Qxd3 Qb6 20. Rf3
Ne5 21. Qe2 Bg4 22. Rhf1 Rd8 23. Qe3 Bxf3 24. c5 Qb5 25. Qf2 Qd3+ 26. Kb2 Be2
27. Rc1 Qxe4 28. Rc3 Nd3+ 29. Kc2 Nxf2+ 30. Kb2 Nd1+ 31. Ka3 a5 32. Rc4 Bxc4 33.
bxc4 Qxc4 34. h4 Rd3# 0-1

[Event "Salut Fred"]
[Site "http://www.queenalice.com/game.php?id=970164"]
[Date "2011.8.8"]
[Round "-"]
[White "Kapoueee"]
[Black "Tchecmaurice"]
[Result "0-1"]
[WhiteElo "1451"]
[BlackElo "2035"]

1. e4 Nf6 2. e5 Nd5 3. c4 Nb6 4. c5 Nd5 5. Bc4 e6 6. Nf3 d6 7. d4 Nc6 8. Ng5
dxe5 9. Qf3 Nf6 10. Nd2 exd4 11. Nde4 Be7 12. a3 Ne5 13. Nxf6+ Bxf6 14. Qe2 Nxc4
15. Qxc4 Bxg5 16. O-O Bxc1 17. Raxc1 O-O 18. Rfd1 e5 19. f4 Be6 20. Qd3 f6 21.
fxe5 fxe5 22. Re1 Qg5 23. Qe4 Rf5 24. Qxb7 Raf8 25. Qxc7 Bd5 26. Rc2 Rf2 27. g3
Qe3 28. Qxe5 Rf1# 0-1

[Event "Challenge"]
[Site "http://www.queenalice.com/game.php?id=990883"]
[Date "2011.9.28"]
[Round "-"]
[White "Kapoueee"]
[Black "AliceLachmann00"]
[Result "1-0"]
[WhiteElo "1460"]
[BlackElo "1214"]

1. e4 e5 2. Nf3 d6 3. d4 exd4 4. Nxd4 c5 5. Nf3 Nf6 6. Nc3 Nc6 7. Bc4 Bg4 8. O-O
a6 9. h3 Bh5 10. g4 Bg6 11. Qe2 Be7 12. Nh4 Ne5 13. Bb3 Nxe4 14. Nxg6 Nxc3 15.
bxc3 Nxg6 16. Qf3 O-O 17. Qxb7 Bf6 18. Bd2 Nh4 19. Rad1 Nf3+ 20. Qxf3 Qd7 21.
Bf4 Bxc3 22. Qxc3 Rfe8 23. Bc1 Qe7 24. Bb2 Qg5 25. Rxd6 h5 26. f4 Qe7 27. Qxg7#
1-0

[Event "OS INCLIVEIS"]
[Site "http://www.queenalice.com/game.php?id=1031692"]
[Date "2012.2.21"]
[Round "-"]
[White "adelio"]
[Black "Kapoueee"]
[Result "0-1"]
[WhiteElo "1624"]
[BlackElo "1519"]

1. d4 e6 2. e4 d5 3. e5 c5 4. h4 Nc6 5. Nf3 Qb6 6. c3 cxd4 7. Nxd4 Bc5 8. Qe2
Bxd4 9. cxd4 Nxd4 10. Qd3 Ne7 11. b3 Nec6 12. f4 Nb4 13. Qc3 Ndc2+ 14. Kd1 Nxa1
15. Qxa1 Bd7 16. Qb2 Nc6 17. Bd3 Ne7 18. Re1 O-O 19. Qe2 Rac8 20. h5 a6 21. Rh1
Bb5 22. Be3 d4 23. Bd2 Qc6 24. Rh3 Bxd3 25. Rxd3 Rfd8 26. Na3 b5 27. b4 Nd5 28.
Ke1 Nc3 29. Qg4 Ne4 30. Nb1 Nxd2 31. Rxd2 Qc1+ 32. Rd1 Qe3+ 33. Qe2 Qxf4 34. Nd2
d3 35. Qf3 Qxe5+ 36. Ne4 Qd5 37. Nc5 d2+ 38. Kf1 Qc4+ 39. Kg1 a5 40. Qf2 Qxb4
41. Nb3 a4 42. Nxd2 Qb2 43. Kh2 Qxa2 44. Qe1 b4 45. Nf3 Rxd1 46. Qxd1 a3 47. Ne5
Qc2 48. Qd7 Qc7 49. Qd2 Qxe5+ 50. Kh1 b3 51. h6 g6 52. Qf2 b2 53. g3 b1=Q+ 54.
Kh2 Qh5+ 55. Kg2 Qbh1# 0-1